[Event "AUTO-OPEN-3226"]
[Site "http://www.queenalice.com/game.php?id=1293467"]
[Date "2014.7.8"]
[Round "2"]
[White "AlexiFischer"]
[Black "smagoo"]
[Result "0-1"]
[WhiteElo "1700"]
[BlackElo "2345"]

1. e4 c6 2. d4 d5 3. Nc3 dxe4 4. Nxe4 Bf5 5. Ng3 Bg6 6. Nf3 e6 7. Bd3 Nf6 8. c3
Bd6 9. O-O O-O 10. Re1 Nbd7 11. Bg5 Rc8 12. Ne5 Bxe5 13. dxe5 Nxe5 14. Bxf6 Qxf6
15. Bxg6 Nxg6 16. Qd7 Rb8 17. Ne4 Qd8 18. Rad1 Qb6 19. Qd2 Rfd8 20. Qe2 Rd5 21.
b3 Rbd8 0-1

[Event "Challenge1"]
[Site "http://www.queenalice.com/game.php?id=1307578"]
[Date "2014.9.11"]
[Round "-"]
[White "smagoo"]
[Black "Madagaskira"]
[Result "1-0"]
[WhiteElo "2346"]
[BlackElo "2266"]

1. d4 Nf6 2. c4 c5 3. Nc3 cxd4 4. Qxd4 Nc6 5. Qh4 e6 6. Bg5 Be7 7. e3 h6 8. Nf3
Qa5 9. O-O-O a6 10. Bd3 b5 11. cxb5 Nb4 12. a3 Nxd3+ 13. Rxd3 Bb7 14. Ne5 d5 15.
bxa6 Qxa6 16. Rhd1 Rc8 17. Kb1 Qd6 18. Ng4 hxg5 19. Qxh8+ Kd7 20. Qh3 Nxg4 21.
Qxg4 f5 22. Qa4+ Bc6 23. Nb5 Qxh2 24. Qa7+ Ke8 25. Rc3 Kf7 26. Rdc1 Qb8 27. Rxc6
1-0

[Event "Challenge2"]
[Site "http://www.queenalice.com/game.php?id=1307579"]
[Date "2014.9.11"]
[Round "-"]
[White "Madagaskira"]
[Black "smagoo"]
[Result "0-1"]
[WhiteElo "2246"]
[BlackElo "2356"]

1. e4 c6 2. c4 d5 3. exd5 cxd5 4. d4 Nf6 5. Be2 Nc6 6. Nf3 Bg4 7. O-O e6 8. cxd5
Qxd5 9. Nc3 Qh5 10. Nb5 Rc8 11. Bf4 Nd5 12. Bg3 a6 13. Nd6+ Bxd6 14. Bxd6 Rd8
15. Bg3 O-O 16. Re1 Nde7 17. h3 Bxf3 18. Bxf3 Qb5 19. a4 Qb4 20. d5 Nxd5 21. Re4
Qxb2 22. Qe1 Rd7 23. Rc1 Rfd8 24. Rg4 Nd4 25. Be5 Ne2+ 26. Qxe2 Qxc1+ 27. Kh2 g6
28. Bb2 Qc7+ 29. Be5 Qc5 30. Rc4 Qe7 31. Ba1 Qg5 32. Rg4 Qf5 33. Be4 Qh5 34. Qb2
e5 35. Bf3 Qf5 36. Rc4 Re7 37. Bg4 Qf6 38. Bf3 Qd6 39. Kg1 f6 40. g3 Kg7 41. a5
f5 42. Qc1 Nf6 43. Rc2 e4 44. Bg2 e3 45. fxe3 Qxg3 46. Re2 f4 47. e4 Red7 0-1

[Event "Challenge"]
[Site "http://www.queenalice.com/game.php?id=1318926"]
[Date "2014.10.29"]
[Round "-"]
[White "clovis"]
[Black "smagoo"]
[Result "0-1"]
[WhiteElo "1949"]
[BlackElo "2365"]

1. e4 c6 2. d4 d5 3. exd5 cxd5 4. c4 dxc4 5. Bxc4 e6 6. Nc3 Nf6 7. Nf3 Be7 8.
O-O O-O 9. d5 exd5 10. Nxd5 Nxd5 11. Qxd5 Qxd5 12. Bxd5 Nd7 13. Re1 Bf6 14. Ng5
Nb6 15. Bb3 Bf5 16. Be3 Bxb2 17. Rad1 Bc3 18. Re2 h6 19. Nxf7 Rxf7 20. Bxb6 axb6
21. Re7 Bg6 22. Rdd7 Rf8 23. Rxb7 Bd4 24. g4 Bxf2+ 25. Kg2 Bc5 26. Bxf7+ Rxf7
27. Re8+ Kh7 28. Rxf7 Bxf7 29. Ra8 Bd5+ 0-1

[Event "Challenge"]
[Site "http://www.queenalice.com/game.php?id=1318927"]
[Date "2014.10.29"]
[Round "-"]
[White "smagoo"]
[Black "clovis"]
[Result "1-0"]
[WhiteElo "2366"]
[BlackElo "2071"]

1. d4 d5 2. c4 c6 3. Nc3 e6 4. Nf3 Nf6 5. Bg5 dxc4 6. e3 b5 7. Be2 Bb7 8. O-O
Be7 9. Ne5 a6 10. Bf3 Qc7 11. Bf4 Bd6 12. Ne4 Nxe4 13. Bxe4 O-O 14. Qh5 g6 15.
Qh4 f6 16. Nxg6 hxg6 17. Bxd6 Qxd6 18. Bxg6 Qe7 19. f4 c5 20. Rf3 Bxf3 21. gxf3
Qg7 22. Kf2 Qxg6 23. Rg1 Qxg1+ 24. Kxg1 Nd7 25. d5 Rf7 26. dxe6 Rh7 27. Qf2 Nb6
28. e4 Na4 29. b3 cxb3 30. axb3 Rg7+ 31. Kf1 Rd8 32. Qc2 Rc7 33. bxa4 c4 34.
axb5 axb5 35. Qc3 Rf8 36. Ke2 b4 37. Qxb4 c3 38. Qd6 Rcc8 39. e7 Rfe8 40. Kd1
c2+ 41. Kc1 Kf7 42. e5 fxe5 43. fxe5 Rg8 44. Qd5+ Kxe7 45. Qd6+ Kf7 46. Qf6+ 1-0

[Event "Challenge"]
[Site "http://www.queenalice.com/game.php?id=1327315"]
[Date "2014.12.11"]
[Round "-"]
[White "Madagaskira"]
[Black "smagoo"]
[Result "0-1"]
[WhiteElo "2214"]
[BlackElo "2369"]

1. e4 c6 2. c4 d5 3. cxd5 cxd5 4. exd5 Qxd5 5. Nf3 Bg4 6. Be2 Nf6 7. Nc3 Qh5 8.
Qb3 Nbd7 9. Qxb7 Rb8 10. Qxa7 e5 11. Qa4 Bd6 12. O-O Rb4 13. Qc6 Ke7 14. Re1 e4
15. g3 Bxf3 16. Bxf3 Qxf3 17. d3 Ne5 18. Nd5+ Nxd5 19. Qxd5 e3 0-1

[Event "Challenge"]
[Site "http://www.queenalice.com/game.php?id=1327316"]
[Date "2014.12.11"]
[Round "-"]
[White "smagoo"]
[Black "Madagaskira"]
[Result "1-0"]
[WhiteElo "2380"]
[BlackElo "2262"]

1. d4 d5 2. c4 c6 3. Nc3 e6 4. Nf3 Nf6 5. Bg5 Be7 6. e3 a6 7. c5 Nbd7 8. Bd3 O-O
9. O-O e5 10. dxe5 Ng4 11. Bf4 f6 12. exf6 Rxf6 13. b4 Nf8 14. h3 Nh6 15. Nd4
Nf5 16. Bc2 Rf7 17. Nce2 Ng6 18. Bh2 Bg5 19. Qd3 Nxd4 20. Nxd4 Nf8 21. f4 Bf6
22. g4 g6 23. Rad1 Bg7 24. f5 gxf5 25. Nxf5 Bxf5 26. Rxf5 Rxf5 27. Qxf5 Qf6 28.
e4 Re8 29. Qxf6 Bxf6 30. exd5 cxd5 31. Bb3 1-0

[Event "AUTO-OPEN-3446"]
[Site "http://www.queenalice.com/game.php?id=1345439"]
[Date "2015.3.4"]
[Round "1"]
[White "alvm"]
[Black "smagoo"]
[Result "0-1"]
[WhiteElo "1944"]
[BlackElo "2389"]

1. d4 d5 2. c4 c6 3. Nc3 Nf6 4. Nf3 Bg4 5. Ne5 e6 6. Bg5 Bh5 7. Qb3 Qb6 8. Qxb6
axb6 9. e3 Nbd7 10. Bxf6 Nxf6 11. Bd3 Bd6 12. cxd5 exd5 13. O-O Bxe5 14. dxe5
Nd7 15. f4 Nc5 16. Bc2 Ke7 17. h3 f6 18. g4 Bf7 19. exf6+ gxf6 20. e4 d4 21. Nd1
d3 22. Bb1 Nb3 23. Bxd3 Nxa1 24. Nc3 Rhd8 25. Be2 Nc2 26. a3 Rd2 27. h4 Nd4 28.
Bd1 Rxb2 0-1

[Event "AUTO-OPEN-3446"]
[Site "http://www.queenalice.com/game.php?id=1345440"]
[Date "2015.3.4"]
[Round "1"]
[White "smagoo"]
[Black "alvm"]
[Result "1-0"]
[WhiteElo "2388"]
[BlackElo "1946"]

1. d4 Nf6 2. c4 e6 3. Nc3 d5 4. Nf3 Be7 5. Bg5 h6 6. Bh4 O-O 7. e3 Nbd7 8. c5 a5
9. a3 b6 10. b4 axb4 11. axb4 Rxa1 12. Qxa1 c6 13. Qa8 bxc5 14. bxc5 Qc7 15. Bg3
Qb7 16. Qxb7 Bxb7 17. Bd3 Ra8 18. Kd2 e5 19. Bf5 e4 20. Ne5 Nxe5 21. Bxe5 Bc8
22. Bxc8 Rxc8 23. Ra1 Ng4 24. Bg3 f5 25. h3 Nf6 26. Ra7 Kf8 27. Na4 Rd8 28. Nb6
Ke8 29. Bc7 1-0

[Event "AUTO-OPEN-3446"]
[Site "http://www.queenalice.com/game.php?id=1345465"]
[Date "2015.3.4"]
[Round "1"]
[White "commodoro"]
[Black "smagoo"]
[Result "0-1"]
[WhiteElo "1415"]
[BlackElo "2378"]

1. e4 c6 2. Bc4 d5 3. exd5 cxd5 4. Bb3 Nf6 5. d3 Nc6 6. c4 dxc4 7. Bxc4 a6 8. a4
Bg4 9. f3 Bh5 10. Nc3 e6 11. Nge2 Bc5 12. Ne4 Nxe4 13. fxe4 Nd4 14. g4 Bxg4 0-1

[Event "AUTO-OPEN-3446"]
[Site "http://www.queenalice.com/game.php?id=1345466"]
[Date "2015.3.4"]
[Round "1"]
[White "smagoo"]
[Black "commodoro"]
[Result "1-0"]
[WhiteElo "2377"]
[BlackElo "1415"]

1. d4 d5 2. c4 Nf6 3. Nc3 dxc4 4. Nf3 Nd5 5. e4 Nxc3 6. bxc3 b5 7. Bg5 f6 8. Bh4
g5 9. Nxg5 fxg5 10. Qh5+ Kd7 11. Qxg5 a6 12. Qd5+ Ke8 13. Qxa8 Nd7 14. Qc6 h5
15. Qg6# 1-0

[Event "AUTO-OPEN-3446"]
[Site "http://www.queenalice.com/game.php?id=1345483"]
[Date "2015.3.4"]
[Round "1"]
[White "smagoo"]
[Black "carloswecker"]
[Result "1-0"]
[WhiteElo "2379"]
[BlackElo "2009"]

1. d4 d5 2. c4 e6 3. Nc3 Nf6 4. Bg5 Be7 5. e3 O-O 6. Nf3 c6 7. c5 a5 8. a3 b6 9.
b4 axb4 10. axb4 Rxa1 11. Qxa1 Bb7 12. Qa7 Qc8 13. Qxb6 Nbd7 14. Qa5 h6 15. Bh4
Bd8 16. Qa2 Bc7 17. Bd3 Re8 18. O-O Qa8 19. Ra1 Qxa2 20. Rxa2 Ra8 21. Rxa8+ Bxa8
22. b5 Ba5 23. bxc6 Bxc6 24. Nb5 Kf8 25. Na7 Nb8 26. Bg3 Nfd7 27. Nxc6 Nxc6 28.
Bb5 1-0

[Event "AUTO-OPEN-3446"]
[Site "http://www.queenalice.com/game.php?id=1345484"]
[Date "2015.3.4"]
[Round "1"]
[White "carloswecker"]
[Black "smagoo"]
[Result "0-1"]
[WhiteElo "1996"]
[BlackElo "2376"]

1. d4 d5 2. c4 c6 3. Nc3 Nf6 4. e3 Bg4 5. f3 Bh5 6. Bd3 e6 7. Nge2 Bd6 8. c5 Bc7
9. Ng3 Bg6 10. Kf2 Nbd7 11. b4 e5 12. Bxg6 hxg6 13. dxe5 Nxe5 14. e4 d4 15. Nce2
d3 16. Nc3 Qd4+ 0-1

[Event "Challenge1"]
[Site "http://www.queenalice.com/game.php?id=1365554"]
[Date "2015.6.15"]
[Round "-"]
[White "smagoo"]
[Black "EcheKiel"]
[Result "1-0"]
[WhiteElo "2392"]
[BlackElo "1289"]

1. d4 e6 2. c4 c5 3. Nc3 Nc6 4. d5 Nd4 5. e3 Nf5 6. Bd3 g6 7. Nf3 Bg7 8. h4 h6
9. g4 Nd6 10. h5 g5 11. Nd2 Nf6 12. f4 Nh7 13. Nf3 f5 14. gxf5 Nxf5 15. Qc2 O-O
16. Bd2 Bf6 17. O-O-O Bxc3 18. Qxc3 d6 19. e4 Ng3 20. Rhg1 Nxh5 21. fxg5 Nf4 22.
gxh6+ Kf7 23. Bxf4 Ke8 24. Rg7 Rf7 25. Rxf7 1-0

[Event "Challenge2"]
[Site "http://www.queenalice.com/game.php?id=1377429"]
[Date "2015.8.14"]
[Round "-"]
[White "smagoo"]
[Black "EcheKiel"]
[Result "1-0"]
[WhiteElo "2393"]
[BlackElo "1333"]

1. d4 d5 2. c4 Nf6 3. Nc3 c5 4. Bg5 Nbd7 5. e3 Qb6 6. Rb1 Qa5 7. Qa4 Qxa4 8.
Nxa4 e6 9. Bxf6 Nxf6 10. Nxc5 Bxc5 11. dxc5 O-O 12. Nf3 Ne4 13. cxd5 exd5 14.
Rc1 Bd7 15. Bd3 Bf5 16. Nd4 Bg6 17. O-O 1-0

[Event "AUTO-OPEN-3446"]
[Site "http://www.queenalice.com/game.php?id=1380083"]
[Date "2015.8.28"]
[Round "3"]
[White "mathematician1961"]
[Black "smagoo"]
[Result "1-0"]
[WhiteElo "2726"]
[BlackElo "2400"]

1. e4 c6 2. d4 d5 3. Nc3 dxe4 4. Nxe4 Bf5 5. Ng3 Bg6 6. Nf3 e6 7. h4 h6 8. Ne5
Bh7 9. Bd3 Bxd3 10. Qxd3 Nd7 11. Bf4 Ngf6 12. O-O-O Nd5 13. Qf3 N7f6 14. Ne2
Nxf4 15. Nxf4 Qc7 16. g4 Bd6 17. Nfd3 O-O-O 18. g5 Bxe5 19. dxe5 Nd5 20. c4 Nb6
21. gxh6 Rxh6 22. b3 Rdh8 23. h5 Qe7 24. Rhg1 Rxh5 25. Rxg7 R5h7 26. Rxh7 Rxh7
27. Qe3 Qh4 28. a4 Qh6 29. f4 Kb8 30. a5 1-0

[Event "AUTO-OPEN-3446"]
[Site "http://www.queenalice.com/game.php?id=1380084"]
[Date "2015.8.28"]
[Round "3"]
[White "smagoo"]
[Black "mathematician1961"]
[Result "0-1"]
[WhiteElo "2399"]
[BlackElo "2733"]

1. d4 Nf6 2. c4 c6 3. Nc3 d5 4. Nf3 dxc4 5. Bg5 b5 6. Bxf6 exf6 7. g3 Be7 8. Bg2
Na6 9. O-O Rb8 10. Nh4 Nb4 11. a3 Nd5 12. e4 Nxc3 13. bxc3 O-O 14. f4 Re8 15.
Nf3 a5 16. Nd2 Bb7 17. Qg4 a4 18. h4 Qa5 19. Rfc1 g6 20. h5 Rbd8 21. Nf3 Bc8 22.
f5 c5 23. d5 Kh8 24. Nh4 Rg8 0-1

[Event "Challenge"]
[Site "http://www.queenalice.com/game.php?id=1383365"]
[Date "2015.9.15"]
[Round "-"]
[White "clovis"]
[Black "smagoo"]
[Result "0-1"]
[WhiteElo "2154"]
[BlackElo "2394"]

1. e4 c6 2. d4 d5 3. exd5 cxd5 4. Nf3 Nc6 5. Bd3 Nf6 6. O-O Bg4 7. Bb5 e6 8. Qd3
Bd6 9. Ne5 Bf5 10. Nxc6 Bxd3 11. Nxd8+ Bxb5 12. Nxb7 Bxh2+ 13. Kxh2 Bxf1 14. Bf4
Be2 15. Nc5 Bh5 16. b4 Ke7 17. b5 Rhc8 18. Nc3 Bg6 19. Rc1 Nd7 20. N3a4 Nb6 21.
Nc3 f6 22. a4 Nd7 23. Be3 a6 24. Nxd7 Rxc3 25. Bd2 Rxc2 26. Rxc2 Bxc2 27. Nb6
Rb8 28. bxa6 Rxb6 0-1

[Event "Challenge"]
[Site "http://www.queenalice.com/game.php?id=1383366"]
[Date "2015.9.15"]
[Round "-"]
[White "smagoo"]
[Black "clovis"]
[Result "1-0"]
[WhiteElo "2397"]
[BlackElo "2093"]

1. d4 d5 2. c4 c6 3. Nc3 e6 4. Nf3 Nf6 5. Bg5 dxc4 6. e3 b5 7. Be2 Bb7 8. O-O
Nbd7 9. b3 b4 10. Ne4 c3 11. Qc2 Be7 12. Nxf6+ Bxf6 13. Bxf6 Qxf6 14. a3 a5 15.
axb4 axb4 16. Rxa8+ Bxa8 17. Ra1 O-O 18. Ra7 Nb6 19. Qa2 g6 20. Ne5 c5 21. Ng4
Qg5 22. f4 Qd8 23. dxc5 Nd5 24. Bf3 h5 25. Ne5 Qc8 26. Ra5 Bb7 27. Kf2 Qc7 28.
Nc4 Kh7 29. g3 Nf6 30. Ra7 Ng4+ 31. Ke1 Rb8 32. c6 Nxe3 33. Nxe3 Qb6 34. Ke2
Bxc6 35. Bxc6 Qxc6 36. Rxf7+ Kh6 37. Qa7 Rh8 38. g4 hxg4 39. Nxg4+ Kh5 40. Nf6+
1-0

[Event "Challenge"]
[Site "http://www.queenalice.com/game.php?id=1385377"]
[Date "2015.9.26"]
[Round "-"]
[White "smagoo"]
[Black "EcheKiel"]
[Result "1-0"]
[WhiteElo "2398"]
[BlackElo "1560"]

1. d4 d5 2. c4 Nf6 3. Nc3 Bf5 4. Nf3 e6 5. Bg5 Bb4 6. e3 a6 7. a3 Bxc3+ 8. bxc3
Nbd7 9. cxd5 exd5 10. Bd3 Bg6 11. O-O h6 12. Bxg6 fxg6 13. Bh4 g5 14. Bg3 O-O
15. Qb3 Nb6 16. a4 Ne4 17. Ra2 h5 18. a5 Nc4 19. Qxb7 Ncd6 20. Qxd5+ Kh7 21.
Bxd6 Nxc3 22. Qc5 cxd6 23. Qxc3 Rc8 24. Qd3+ g6 25. Qxa6 g4 26. Nd2 g3 27. hxg3
d5 28. Nf3 Rf6 29. Qd3 Rxf3 30. gxf3 Qd7 31. Kg2 h4 32. Rh1 Kg7 33. Rxh4 Rc1 34.
a6 Qe8 35. a7 1-0

[Event "Challenge"]
[Site "http://www.queenalice.com/game.php?id=1412910"]
[Date "2016.3.10"]
[Round "-"]
[White "renard77"]
[Black "smagoo"]
[Result "1/2-1/2"]
[WhiteElo "1866"]
[BlackElo "2399"]

1. d4 d5 2. Nc3 Bg4 3. f3 Bh5 4. Nh3 e6 5. Nf4 Bg6 6. Be3 Bd6 7. Nxg6 hxg6 8.
Bg1 Bg3+ 9. Kd2 Nf6 10. e3 c5 11. Kc1 cxd4 12. exd4 a6 13. Bd3 Nc6 14. a3 Rc8
15. Ne2 Bd6 16. h3 Na5 17. Be3 Nb3+ 18. Kb1 Nxa1 19. Kxa1 Qa5 20. Bd2 Qb6 21.
Nc3 Qxd4 22. Re1 O-O 23. Be3 Qh4 24. Re2 Bxa3 25. Nxd5 Bxb2+ 26. Kxb2 Nxd5 27.
Bf2 1/2-1/2